000
00284nam a22001217a 4500
008
170307b xxu||||| |||| 00| 0 eng d
041
_a
eng
080
_2
11TH
_a
611
100
_a
6
101
_a
SHM
245
_a
ESSENTIALS OF HUMAN ANATOMY & PHYSIOLOGY
_c
MARIEB, E.N
942
_2
udc
_c
BK
999
_c
6945
_d
6945